000
00200nam a2200085Ia 4500
008
230915s9999 xx 000 0 und d
050
_a
PE1128.T58
245
2
_a
A PRACTICAL ENGLISH GRAMMAR
942
_c
BK
999
_c
174255
_d
174255